00400nam a2200133 a 4500001000500000005001700005008004100022020001700063050001800080100002300098245008000121260004700201300001800248363620140414131905.0060921s19uu xx 00 eng d a0-553-1923-2 aFICbSt4 1992 aStewart, Molly Mia aSweetvalley kids #27 :bthe sweet valley cleanup team /cMolly Mia Stewart. aNew York :bA Bantam skylark book,cc1992. a68 p. ; cm.